000 00949nam a22003257a 4500
001 128
003 FISKH
005 20231211141154.0
008 230228b cb ||||| |||| 00| 0 eng d
020 _a9780590489621
040 _aDLC
_cDLC
_dDLC
042 _alcac
050 0 0 _aPZ7.U25
_bJar
082 0 0 _219
100 1 _aUchida, Yoshiko.
245 1 2 _aA jar of dreams /
_cYoshiko Uchida.
250 _a1st ed.
260 _aNew York :
_bAtheneum,
_c1981.
300 _a131 p. ;
_c22 cm.
500 _a"A Margaret K. McElderry book."
505 _aU
520 _aA young girl grows up in a closely-knit Japanese American family in California during the 1930's, a time of great prejudice.
521 8 _a970
_bLexile
521 8 _aU
_bPaz-Plus
650 1 _aJapanese Americans
_xFiction.
650 1 _aFamily life
_xFiction.
650 1 _aPrejudices
_xFiction.
906 _a7
_bcbc
_corignew
_d1
_eocip
_f19
_gy-gencatlg
942 _2ddc
_cBK
_n0
999 _c128
_d128